00398nam a2200145 i 450000100060000000300090000600500170001500700030003200800410003510000250007624500560010126000470015730000270020485200210023128797ES-MaACL20230906153930.0t|030120s1905 it ||||1| ita d1 aBarbagallo, Corrado.13aLa fine della Grecia Antica / cCorrado Barbagallo. aBari : bGiuseppe Laterza & Figli, c1905. aXVI, 531 p. ; c21 cm. aES-MaACLjC-3402